[Event "Muensterland Verbandsklasse-A 0506"]
[Site "Germany"]
[Date "2006.04.08"]
[Round "8.8"]
[White "Besler, Ralf"]
[Black "Rath, Josef"]
[Result "1-0"]
[WhiteElo "1737"]
[BlackElo "1669"]
[PlyCount "69"]
[EventDate "2005.09.03"]
[EventType "team-tourn"]
[EventRounds "9"]
[EventCountry "GER"]
[SourceTitle "EXT 2006"]
[Source "ChessBase"]
[SourceDate "2005.11.24"]
[SourceVersion "1"]
[SourceVersionDate "2005.11.24"]
[SourceQuality "1"]
[WhiteTeam "Muenster Indische Dame"]
[BlackTeam "Nienberge"]
[WhiteTeamCountry "GER"]
[BlackTeamCountry "GER"]

1. c4 Nf6 2. Nf3 g6 3. b4 Bg7 4. Bb2 d6 5. g3 0-0 6. Bg2 a5 7. a3 e5 8. d3 axb4 9. axb4 Rxa1 10. Bxa1 Na6 11. Bc3 c6 12. Nbd2 Nh5 13. 0-0 Qe7 14. Qb3 Be6 15. Qb2 f5 16. Rb1 h6 17. Nh4 Kh7 18. b5 Nc5 19. bxc6 bxc6 20. Bxc6 g5 21. Ng2 f4 22. Ne4 fxg3 23. hxg3 Qf7 24. Rf1 Kh8 25. Nxc5 dxc5 26. Bxe5 Bxe5 27. Qxe5+ Kg8 28. Ne3 Nf6 29. Qxc5 Rc8 30. Qb6 Nd7 31. Bxd7 Bxd7 32. Qxh6 g4 33. Qg5+ Qg7 34. Qxg7+ Kxg7 35. Ra1 1-0